Fínska republika História a súčasnosť fínskej meny

Atlas peňazí sveta. Charakteristika Fínskej republiky: štátne zriadenie, prírodné podmienky, hospodárstvo, menové informácie, história štátu, história meny. Motívy fínskych bankoviek.

Salvato in:
Dettagli Bibliografici
Autore principale: Schlosser, Gabriel
Natura: Capitolo di libro
Lingua:slovacco
Soggetti:
Tags: Aggiungi Tag
Nessun Tag, puoi essere il primo ad aggiungerne!!

MARC

LEADER 00000naa a2200000 4500
001 r026385
005 20221130073244.1
041 0 |a slo 
044 |a SK 
245 1 0 |a Fínska republika  |b História a súčasnosť fínskej meny  |c Gabriel Schlosser 
520 |a Atlas peňazí sveta. Charakteristika Fínskej republiky: štátne zriadenie, prírodné podmienky, hospodárstvo, menové informácie, história štátu, história meny. Motívy fínskych bankoviek. 
610 2 0 |a mena 
610 2 0 |a Fínsko 
610 2 0 |a hospodárstvo národné 
610 2 0 |a podmienky prírodné 
610 2 0 |a štát 
610 2 0 |a história 
610 2 0 |a bankovky 
610 2 0 |a marka 
610 2 0 |a peniaze 
100 1 |a Schlosser, Gabriel